Autonomous Neurosurgical Robots: Ethical Concerns in Informed Consent and Global Health Equity
| Main Author: | |
|---|---|
| Contributors: | |
| Format: | Electronic Article |
| Language: | English |
| Check availability: | HBZ Gateway |
| Interlibrary Loan: | Interlibrary Loan for the Fachinformationsdienste (Specialized Information Services in Germany) |
| Published: |
2025
|
| In: |
Bioethics
Year: 2025, Volume: 39, Issue: 7, Pages: 723-724 |
| IxTheo Classification: | NCC Social ethics NCH Medical ethics NCJ Ethics of science |
| Online Access: |
Volltext (lizenzpflichtig) Volltext (lizenzpflichtig) |
MARC
| LEADER | 00000caa a22000002c 4500 | ||
|---|---|---|---|
| 001 | 193496199X | ||
| 003 | DE-627 | ||
| 005 | 20260413153247.0 | ||
| 007 | cr uuu---uuuuu | ||
| 008 | 250829s2025 xx |||||o 00| ||eng c | ||
| 024 | 7 | |a 10.1111/bioe.13429 |2 doi | |
| 035 | |a (DE-627)193496199X | ||
| 035 | |a (DE-599)KXP193496199X | ||
| 040 | |a DE-627 |b ger |c DE-627 |e rda | ||
| 041 | |a eng | ||
| 084 | |a 1 |2 ssgn | ||
| 100 | 1 | |a Adila, Carlos M. |e VerfasserIn |0 (orcid)0000-0002-3663-1416 |4 aut | |
| 245 | 1 | 0 | |a Autonomous Neurosurgical Robots: Ethical Concerns in Informed Consent and Global Health Equity |
| 264 | 1 | |c 2025 | |
| 336 | |a Text |b txt |2 rdacontent | ||
| 337 | |a Computermedien |b c |2 rdamedia | ||
| 338 | |a Online-Ressource |b cr |2 rdacarrier | ||
| 601 | |a Autonomie | ||
| 652 | |a NCC:NCH:NCJ | ||
| 700 | 1 | |a Townsend, Arturo Balaguer |e VerfasserIn des Bezugswerks |0 (orcid)0009-0006-2309-6510 |4 ant | |
| 773 | 0 | 8 | |i Enthalten in |t Bioethics |d Oxford [u.a.] : Wiley-Blackwell, 1987 |g 39(2025), 7, Seite 723-724 |h Online-Ressource |w (DE-627)271596708 |w (DE-600)1480658-7 |w (DE-576)078707986 |x 1467-8519 |7 nnas |
| 773 | 1 | 8 | |g volume:39 |g year:2025 |g number:7 |g pages:723-724 |
| 787 | 0 | 8 | |i Kritik von |a Townsend, Arturo Balaguer |t The ethics of autonomous neurosurgical robots (ANRs) |d 2025 |w (DE-627)1924916010 |
| 856 | 4 | 0 | |u https://doi.org/10.1111/bioe.13429 |x Resolving-System |z lizenzpflichtig |3 Volltext |7 1 |
| 856 | 4 | 0 | |u https://onlinelibrary.wiley.com/doi/abs/10.1111/bioe.13429 |x Verlag |z lizenzpflichtig |3 Volltext |7 1 |
| 935 | |a mteo | ||
| 951 | |a AR | ||
| ELC | |a 1 | ||
| ITA | |a 1 |t 1 | ||
| LOK | |0 000 xxxxxcx a22 zn 4500 | ||
| LOK | |0 001 4765527476 | ||
| LOK | |0 003 DE-627 | ||
| LOK | |0 004 193496199X | ||
| LOK | |0 005 20260413153326 | ||
| LOK | |0 008 250829||||||||||||||||ger||||||| | ||
| LOK | |0 035 |a (DE-Tue135)IxTheo#2025-08-28#2E9095BA98552F5F7B6DD43290158756198927B7 | ||
| LOK | |0 040 |a DE-Tue135 |c DE-627 |d DE-Tue135 | ||
| LOK | |0 092 |o n | ||
| LOK | |0 852 |a DE-Tue135 | ||
| LOK | |0 852 1 |9 00 | ||
| LOK | |0 935 |a ixzs |a zota | ||
| LOK | |0 936ln |0 144205283X |a NCC | ||
| LOK | |0 936ln |0 1550736558 |a NCH | ||
| LOK | |0 936ln |0 1550736582 |a NCJ | ||
| LOK | |0 939 |a 2025-08-29 |b l01 | ||
| ORI | |a TA-MARC-ixtheoa001.raw | ||